[Event "Stay Safe Play From Home 169"]
[Site "T#646312Emanuel Laske"]
[Date "2020.05.24"]
[Round "3"]
[White "Castlingarrocco"]
[Black "Justwatch"]
[Result "1-0"]
[WhiteElo "2005"]
[BlackElo "1683"]
[PlyCount "97"]
[EventDate "2020.05.24"]
[EventType "swiss (blitz)"]

1. d4 {[%emt 0:00:01]} Nf6 {[%emt 0:00:00]} 2. e3 {[%emt 0:00:00]} g6 {[%emt 0:00:00]} 3. f4 {[%emt 0:00:00]} Bg7 {[%emt 0:00:00]} 4. Nf3 {[%emt 0:00:00]} O-O {[%emt 0:00:00]} 5. Bd3 {[%emt 0:00:00]} d6 {[%emt 0:00:00]} 6. Qe2 {[%emt 0:00:00]} Bg4 {[%emt 0:00:00]} 7. Nbd2 {[%emt 0:00:01]} Bxf3 {[%emt 0:00:00]} 8. Nxf3 {[%emt 0:00:01]} Nc6 {[%emt 0:00:00]} 9. e4 {[%emt 0:00:01]} e6 {[%emt 0:00:01]} 10. e5 {[%emt 0:00:01]} dxe5 {[%emt 0:00:01]} 11. fxe5 {[%emt 0:00:01]} Nd5 {[%emt 0:00:00]} 12. c3 {[%emt 0:00:01]} Nb6 {[%emt 0:00:03]} 13. O-O {[%emt 0:00:01]} Qd7 {[%emt 0:00:03]} 14. Qf2 {[%emt 0:00:01]} Rae8 {[%emt 0:00:01]} 15. Qh4 {[%emt 0:00:01]} Ne7 {[%emt 0:00:02]} 16. Bh6 {[%emt 0:00:01]} Nf5 {[%emt 0:00:02]} 17. Bxf5 {[%emt 0:00:02]} exf5 {[%emt 0:00:00]} 18. Bxg7 {[%emt 0:00:01]} Kxg7 {[%emt 0:00:00]} 19. Ng5 {[%emt 0:00:01]} h5 {[%emt 0:00:01]} 20. h3 {[%emt 0:00:02]} Nd5 {[%emt 0:00:01]} 21. g4 {[%emt 0:00:02]} fxg4 {[%emt 0:00:01]} 22. hxg4 {[%emt 0:00:01]} Qxg4+ {[%emt 0:00:01]} 23. Qxg4 {[%emt 0:00:01]} hxg4 {[%emt 0:00:00]} 24. Kg2 {[%emt 0:00:02]} Rh8 {[%emt 0:00:01]} 25. Rh1 {[%emt 0:00:01]} Ne3+ {[%emt 0:00:02]} 26. Kg3 {[%emt 0:00:02]} Nf5+ {[%emt 0:00:02]} 27. Kxg4 {[%emt 0:00:01]} f6 {[%emt 0:00:01]} 28. Nf3 {[%emt 0:00:03]} fxe5 {[%emt 0:00:02]} 29. Nxe5 {[%emt 0:00:00]} Ne3+ {[%emt 0:00:01]} 30. Kf3 {[%emt 0:00:01]} Nf5 {[%emt 0:00:01]} 31. Rag1 {[%emt 0:00:01]} Re6 {[%emt 0:00:03]} 32. Rxh8 {[%emt 0:00:02]} Kxh8 {[%emt 0:00:01]} 33. Ke4 {[%emt 0:00:00]} Kg7 {[%emt 0:00:02]} 34. Rh1 {[%emt 0:00:03]} Nd6+ {[%emt 0:00:01]} 35. Kd5 {[%emt 0:00:01]} Rf6 {[%emt 0:00:02]} 36. Rg1 {[%emt 0:00:01]} Nf5 {[%emt 0:00:03]} 37. Ke4 {[%emt 0:00:01]} Nh4 {[%emt 0:00:02]} 38. Rh1 {[%emt 0:00:01]} Nf5 {[%emt 0:00:02]} 39. Rh2 {[%emt 0:00:01]} Nd6+ {[%emt 0:00:01]} 40. Kd5 {[%emt 0:00:01]} a6 {[%emt 0:00:01]} 41. c4 {[%emt 0:00:01]} c6+ {[%emt 0:00:00]} 42. Kc5 {[%emt 0:00:01]} Nc8 {[%emt 0:00:01]} 43. Kb4 {[%emt 0:00:02]} b6 {[%emt 0:00:00]} 44. b3 {[%emt 0:00:01]} a5+ {[%emt 0:00:00]} 45. Kc3 {[%emt 0:00:00]} Rf5 {[%emt 0:00:01]} 46. Rg2 {[%emt 0:00:01]} Nd6 {[%emt 0:00:01]} 47. Rxg6+ {[%emt 0:00:01]} Kf8 {[%emt 0:00:02]} 48. Rxd6 {[%emt 0:00:00]} Rf3+ {[%emt 0:00:02]} 49. Nxf3 {[%emt 0:00:01] (Lag: Av=0.39s, max=0.8s)} 1-0

[Event "Stay Safe Play From Home 169"]
[Site "T#646312Emanuel Laske"]
[Date "2020.05.24"]
[Round "3"]
[White "Fischer_11"]
[Black "Tobo Rubirosa"]
[Result "1-0"]
[WhiteElo "1978"]
[BlackElo "1530"]
[Annotator "NA"]
[PlyCount "55"]
[EventDate "2020.05.24"]
[EventType "swiss (blitz)"]

1. e4 {[%emt 0:00:01]} c5 {[%emt 0:00:02]} 2. c3 {[%emt 0:00:01]} d5 {[%emt 0:00:01]} 3. exd5 {[%emt 0:00:00]} Qxd5 {[%emt 0:00:01]} 4. d4 {[%emt 0:00:00]} Nc6 {[%emt 0:00:01]} 5. dxc5 {[%emt 0:00:01]} Qxc5 {[%emt 0:00:02]} 6. Na3 {[%emt 0:00:01]} Nf6 {[%emt 0:00:01]} 7. Nb5 {[%emt 0:00:01]} Qe5+ {[%emt 0:00:09]} 8. Be3 {[%emt 0:00:01]} e6 {[%emt 0:00:03]} 9. Nf3 {[%emt 0:00:00]} Qb8 {[%emt 0:00:03]} 10. Bd3 {[%emt 0:00:04]} a6 {[%emt 0:00:01]} 11. Nbd4 {[%emt 0:00:03]} Be7 {[%emt 0:00:01]} 12. Nxc6 {[%emt 0:00:01]} bxc6 {[%emt 0:00:02]} 13. Qc2 {[%emt 0:00:00]} O-O {[%emt 0:00:02]} 14. O-O {[%emt 0:00:00]} c5 {[%emt 0:00:02]} 15. Bg5 {[%emt 0:00:02]} h6 {[%emt 0:00:04]} 16. Bh4 {[%emt 0:00:01]} Bb7 {[%emt 0:00:02]} 17. Bg3 {[%emt 0:00:01]} Qc8 {[%emt 0:00:02]} 18. Ne5 {[%emt 0:00:02]} Bd6 {[%emt 0:00:02]} 19. Qe2 {[%emt 0:00:03]} Bxe5 {[%emt 0:00:01]} 20. Bxe5 {[%emt 0:00:00]} Qc6 {[%emt 0:00:01]} 21. f3 {[%emt 0:00:01]} Nd5 {[%emt 0:00:03]} 22. Bc2 {[%emt 0:00:03]} f6 {[%emt 0:00:04]} 23. Bg3 {[%emt 0:00:02]} e5 {[%emt 0:00:01]} 24. Qe4 {[%emt 0:00:01]} Nf4 {[%emt 0:00:02]} 25. Qh7+ {[%emt 0:00:02]} Kf7 {[%emt 0:00:01]} 26. Bxf4 {[%emt 0:00:01]} exf4 {[%emt 0:00:02]} 27. Bg6+ {[%emt 0:00:01]} Ke7 {[%emt 0:00:02]} 28. Rad1 {[%emt 0:00:00] Tiempo (Lag: Av=0.76s, max=1.3s) '} 1-0

[Event "Stay Safe Play From Home 169"]
[Site "T#646312Emanuel Laske"]
[Date "2020.05.24"]
[Round "3"]
[White "The Next Contender"]
[Black "Mepe_Nika"]
[Result "0-1"]
[WhiteElo "1839"]
[BlackElo "2298"]
[PlyCount "76"]
[EventDate "2020.05.24"]
[EventType "swiss (blitz)"]

1. d4 {[%emt 0:00:01]} d5 {[%emt 0:00:01]} 2. c4 {[%emt 0:00:00]} c6 {[%emt 0:00:01]} 3. Nf3 {[%emt 0:00:01]} Nf6 {[%emt 0:00:01]} 4. e3 {[%emt 0:00:00]} e6 {[%emt 0:00:01]} 5. Be2 {[%emt 0:00:01]} Ne4 {[%emt 0:00:01]} 6. O-O {[%emt 0:00:01]} Bd6 {[%emt 0:00:02]} 7. Nc3 {[%emt 0:00:01]} f5 {[%emt 0:00:01]} 8. c5 {[%emt 0:00:01]} Bc7 {[%emt 0:00:02]} 9. Qc2 {[%emt 0:00:00]} O-O {[%emt 0:00:01]} 10. h3 {[%emt 0:00:01]} Nd7 {[%emt 0:00:01]} 11. Re1 {[%emt 0:00:01]} Qf6 {[%emt 0:00:01]} 12. b3 {[%emt 0:00:01]} g5 {[%emt 0:00:01]} 13. Bb2 {[%emt 0:00:01]} h5 {[%emt 0:00:01]} 14. Nh2 {[%emt 0:00:01]} g4 {[%emt 0:00:01]} 15. hxg4 {[%emt 0:00:01]} hxg4 {[%emt 0:00:00]} 16. g3 {[%emt 0:00:01]} Kf7 {[%emt 0:00:02]} 17. Nxe4 {[%emt 0:00:01]} dxe4 {[%emt 0:00:02]} 18. Bf1 {[%emt 0:00:01]} Rh8 {[%emt 0:00:02]} 19. Bg2 {[%emt 0:00:01]} Qh6 {[%emt 0:00:02]} 20. Nf1 {[%emt 0:00:01]} Nf6 {[%emt 0:00:01]} 21. d5 {[%emt 0:00:01]} exd5 {[%emt 0:00:02]} 22. Red1 {[%emt 0:00:01]} Be6 {[%emt 0:00:01]} 23. b4 {[%emt 0:00:01]} a6 {[%emt 0:00:01]} 24. a4 {[%emt 0:00:01]} Rh7 {[%emt 0:00:00]} 25. b5 {[%emt 0:00:01]} axb5 {[%emt 0:00:00]} 26. axb5 {[%emt 0:00:00]} Rah8 {[%emt 0:00:03]} 27. Ra7 {[%emt 0:00:06]} Kg6 {[%emt 0:00:01]} 28. Rxb7 {[%emt 0:00:01]} cxb5 {[%emt 0:00:02]} 29. Rxb5 {[%emt 0:00:02]} Qg7 {[%emt 0:00:09]} 30. Bxf6 {[%emt 0:00:01]} Qxf6 {[%emt 0:00:02]} 31. c6 {[%emt 0:00:00]} Rh5 {[%emt 0:00:03]} 32. Qb2 {[%emt 0:00:01]} Be5 {[%emt 0:00:02]} 33. Qa3 {[%emt 0:00:03]} R8h7 {[%emt 0:00:02]} 34. Rb7 {[%emt 0:00:01]} R7h6 {[%emt 0:00:03]} 35. c7 {[%emt 0:00:02]} Qh8 {[%emt 0:00:01]} 36. Rc1 {[%emt 0:00:01]} Rh1+ {[%emt 0:00:00]} 37. Bxh1 {[%emt 0:00:04]} Rxh1+ {[%emt 0:00:00]} 38. Kg2 {[%emt 0:00:01]} Qh3# {[%emt 0:00:00] (Lag: Av=0.44s, max=0.9s)} 0-1

[Event "Stay Safe Play From Home 169"]
[Site "T#646312Emanuel Laske"]
[Date "2020.05.24"]
[Round "4"]
[White "Praveen prasad"]
[Black "Mepe_Nika"]
[Result "1/2-1/2"]
[WhiteElo "2232"]
[BlackElo "2300"]
[PlyCount "102"]
[EventDate "2020.05.24"]
[EventType "swiss (blitz)"]

1. e4 {[%emt 0:00:02]} e5 {[%emt 0:00:01]} 2. Nf3 {[%emt 0:00:01]} Nc6 {[%emt 0:00:00]} 3. Nc3 {[%emt 0:00:01]} Nf6 {[%emt 0:00:01]} 4. Bb5 {[%emt 0:00:01]} Bc5 {[%emt 0:00:01]} 5. O-O {[%emt 0:00:01]} d6 {[%emt 0:00:01]} 6. d4 {[%emt 0:00:02]} exd4 {[%emt 0:00:01]} 7. Nxd4 {[%emt 0:00:00]} Bd7 {[%emt 0:00:00]} 8. Be3 {[%emt 0:00:02]} Nxd4 {[%emt 0:00:02]} 9. Bxd4 {[%emt 0:00:00]} Bxd4 {[%emt 0:00:03]} 10. Qxd4 {[%emt 0:00:01]} O-O {[%emt 0:00:00]} 11. Bxd7 {[%emt 0:00:01]} Qxd7 {[%emt 0:00:00]} 12. e5 {[%emt 0:00:02]} Ne8 {[%emt 0:00:02]} 13. exd6 {[%emt 0:00:02]} Nxd6 {[%emt 0:00:00]} 14. Rad1 {[%emt 0:00:01]} Rfe8 {[%emt 0:00:02]} 15. Rfe1 {[%emt 0:00:03]} Rxe1+ {[%emt 0:00:02]} 16. Rxe1 {[%emt 0:00:00]} a6 {[%emt 0:00:01]} 17. Ne4 {[%emt 0:00:02]} h6 {[%emt 0:00:05]} 18. Nxd6 {[%emt 0:00:03]} cxd6 {[%emt 0:00:00]} 19. Rd1 {[%emt 0:00:01]} Re8 {[%emt 0:00:01]} 20. h3 {[%emt 0:00:02]} Re6 {[%emt 0:00:01]} 21. c3 {[%emt 0:00:01]} Rg6 {[%emt 0:00:01]} 22. Kh1 {[%emt 0:00:02]} Qe6 {[%emt 0:00:02]} 23. Qd5 {[%emt 0:00:02]} Qe2 {[%emt 0:00:02]} 24. Qd2 {[%emt 0:00:02]} Qe5 {[%emt 0:00:01]} 25. Qd5 {[%emt 0:00:01]} Qe2 {[%emt 0:00:02]} 26. Qd2 {[%emt 0:00:02]} Qe4 {[%emt 0:00:01]} 27. Qd5 {[%emt 0:00:02]} Qc2 {[%emt 0:00:02]} 28. Qd2 {[%emt 0:00:01]} Qf5 {[%emt 0:00:01]} 29. Qd5 {[%emt 0:00:01]} Qxf2 {[%emt 0:00:01]} 30. Rg1 {[%emt 0:00:01]} Qc5 {[%emt 0:00:02]} 31. Qxb7 {[%emt 0:00:01]} a5 {[%emt 0:00:01]} 32. Qa8+ {[%emt 0:00:01]} Kh7 {[%emt 0:00:01]} 33. Qe4 {[%emt 0:00:00]} Qe5 {[%emt 0:00:03]} 34. Qb1 {[%emt 0:00:00]} f5 {[%emt 0:00:01]} 35. b3 {[%emt 0:00:00]} f4 {[%emt 0:00:01]} 36. c4 {[%emt 0:00:00]} Qe6 {[%emt 0:00:03]} 37. Qd3 {[%emt 0:00:01]} Qf6 {[%emt 0:00:02]} 38. Rf1 {[%emt 0:00:01]} h5 {[%emt 0:00:01]} 39. Rf3 {[%emt 0:00:00]} Qg5 {[%emt 0:00:01]} 40. Qd2 {[%emt 0:00:02]} Rf6 {[%emt 0:00:02]} 41. Rf2 {[%emt 0:00:01]} Kh6 {[%emt 0:00:01]} 42. Qc2 {[%emt 0:00:00]} f3 {[%emt 0:00:01]} 43. Qb1 {[%emt 0:00:01]} fxg2+ {[%emt 0:00:01]} 44. Rxg2 {[%emt 0:00:00]} Qf5 {[%emt 0:00:00]} 45. Qc1+ {[%emt 0:00:01]} Qf4 {[%emt 0:00:01]} 46. Qxf4+ {[%emt 0:00:01]} Rxf4 {[%emt 0:00:00]} 47. Kh2 {[%emt 0:00:00]} Rf6 {[%emt 0:00:00]} 48. Re2 {[%emt 0:00:00]} Kh7 {[%emt 0:00:00]} 49. Rg2 {[%emt 0:00:00]} Kh6 {[%emt 0:00:00]} 50. Kh1 {[%emt 0:00:00]} Rg6 {[%emt 0:00:00]} 51. Kh2 {[%emt 0:00:00]} Rf6 {[%emt 0:00:01] (Lag: Av=0.70s, max=1.3s)} 1/2-1/2

[Event "Stay Safe Play From Home 169"]
[Site "T#646312Emanuel Laske"]
[Date "2020.05.24"]
[Round "4"]
[White "SoulofWolf"]
[Black "Fischer_11"]
[Result "1-0"]
[WhiteElo "2136"]
[BlackElo "1981"]
[Annotator "NA"]
[PlyCount "79"]
[EventDate "2020.05.24"]
[EventType "swiss (blitz)"]

1. d4 {[%emt 0:00:01]} e5 {[%emt 0:00:11]} 2. Nf3 {[%emt 0:00:00]} Nc6 {[%emt 0:00:02]} 3. dxe5 {[%emt 0:00:01]} Qe7 {[%emt 0:00:01]} 4. Nc3 {[%emt 0:00:02]} Nxe5 {[%emt 0:00:01]} 5. Bf4 {[%emt 0:00:03]} Nxf3+ {[%emt 0:00:01]} 6. gxf3 {[%emt 0:00:00]} d6 {[%emt 0:00:01]} 7. Qd2 {[%emt 0:00:01]} Nf6 {[%emt 0:00:01]} 8. Bg5 {[%emt 0:00:01]} c6 {[%emt 0:00:03]} 9. O-O-O {[%emt 0:00:01]} d5 {[%emt 0:00:00]} 10. e4 {[%emt 0:00:01]} dxe4 {[%emt 0:00:02]} 11. fxe4 {[%emt 0:00:00]} Bg4 {[%emt 0:00:02]} 12. Re1 {[%emt 0:00:01]} Rd8 {[%emt 0:00:02]} 13. Qe3 {[%emt 0:00:01]} Qc5 {[%emt 0:00:05]} 14. Qf4 {[%emt 0:00:07]} Bd6 {[%emt 0:00:09]} 15. e5 {[%emt 0:00:01]} Bc7 {[%emt 0:00:04]} 16. Bxf6 {[%emt 0:00:04]} gxf6 {[%emt 0:00:03]} 17. Qxg4 {[%emt 0:00:00]} fxe5 {[%emt 0:00:03]} 18. Qc4 {[%emt 0:00:04]} Qxf2 {[%emt 0:00:02]} 19. Bd3 {[%emt 0:00:04]} Rg8 {[%emt 0:00:01]} 20. Rhf1 {[%emt 0:00:03]} Qxf1 {[%emt 0:00:04]} 21. Rxf1 {[%emt 0:00:01]} Rg7 {[%emt 0:00:00]} 22. Ne4 {[%emt 0:00:07]} Rd7 {[%emt 0:00:00] Fischer_11 bietet Remis} 23. Nf6+ {[%emt 0:00:01]} Ke7 {[%emt 0:00:01]} 24. Nxd7 {[%emt 0:00:08]} Kxd7 {[%emt 0:00:00]} 25. Rxf7+ {[%emt 0:00:02]} Rxf7 {[%emt 0:00:00]} 26. Qxf7+ {[%emt 0:00:00]} Kd6 {[%emt 0:00:00]} 27. Bf5 {[%emt 0:00:01]} Kc5 {[%emt 0:00:00]} 28. Qe6 {[%emt 0:00:00]} Kb6 {[%emt 0:00:00]} 29. c4 {[%emt 0:00:00]} a6 {[%emt 0:00:00]} 30. c5+ {[%emt 0:00:00]} Kxc5 {[%emt 0:00:01]} 31. b4+ {[%emt 0:00:01]} Kb6 {[%emt 0:00:00]} 32. a3 {[%emt 0:00:00]} Ka7 {[%emt 0:00:00]} 33. Kb2 {[%emt 0:00:00]} a5 {[%emt 0:00:00]} 34. Kb3 {[%emt 0:00:00]} axb4 {[%emt 0:00:00]} 35. axb4 {[%emt 0:00:00]} c5 {[%emt 0:00:00]} 36. b5 {[%emt 0:00:00]} c4+ {[%emt 0:00:00]} 37. Kxc4 {[%emt 0:00:00]} Bb6 {[%emt 0:00:00]} 38. Qd5 {[%emt 0:00:01]} Bc7 {[%emt 0:00:00]} 39. Be4 {[%emt 0:00:00]} Kb8 {[%emt 0:00:00]} 40. Qxb7# {[%emt 0:00:00] (Lag: Av=0.36s, max=0.8s)} 1-0

[Event "Stay Safe Play From Home 169"]
[Site "T#646312Emanuel Laske"]
[Date "2020.05.24"]
[Round "4"]
[White "Castlingarrocco"]
[Black "The Next Contender"]
[Result "1-0"]
[WhiteElo "2010"]
[BlackElo "1837"]
[PlyCount "139"]
[EventDate "2020.05.24"]
[EventType "swiss (blitz)"]

1. d4 {[%emt 0:00:01]} d5 {[%emt 0:00:00]} 2. e3 {[%emt 0:00:00]} c5 {[%emt 0:00:01]} 3. f4 {[%emt 0:00:00]} e6 {[%emt 0:00:01]} 4. c3 {[%emt 0:00:00]} g6 {[%emt 0:00:00]} 5. Nf3 {[%emt 0:00:00]} Bg7 {[%emt 0:00:00]} 6. Bd3 {[%emt 0:00:01]} Nf6 {[%emt 0:00:00]} 7. Qe2 {[%emt 0:00:00]} O-O {[%emt 0:00:00]} 8. Nbd2 {[%emt 0:00:00]} c4 {[%emt 0:00:00]} 9. Bc2 {[%emt 0:00:01]} b5 {[%emt 0:00:02]} 10. O-O {[%emt 0:00:01]} a5 {[%emt 0:00:01]} 11. Ne5 {[%emt 0:00:01]} Bb7 {[%emt 0:00:01]} 12. e4 {[%emt 0:00:01]} dxe4 {[%emt 0:00:02]} 13. Nxe4 {[%emt 0:00:01]} Nxe4 {[%emt 0:00:02]} 14. Bxe4 {[%emt 0:00:00]} Bxe4 {[%emt 0:00:01]} 15. Qxe4 {[%emt 0:00:00]} Nd7 {[%emt 0:00:01]} 16. Qf3 {[%emt 0:00:01]} Nxe5 {[%emt 0:00:01]} 17. fxe5 {[%emt 0:00:01]} b4 {[%emt 0:00:00]} 18. Qg3 {[%emt 0:00:01]} a4 {[%emt 0:00:02]} 19. a3 {[%emt 0:00:01]} bxa3 {[%emt 0:00:02]} 20. bxa3 {[%emt 0:00:02]} Qa5 {[%emt 0:00:01]} 21. Bg5 {[%emt 0:00:02]} Rab8 {[%emt 0:00:03]} 22. Be7 {[%emt 0:00:01]} Rfe8 {[%emt 0:00:06]} 23. Bb4 {[%emt 0:00:00]} Qa8 {[%emt 0:00:02]} 24. Qf2 {[%emt 0:00:01]} Qb7 {[%emt 0:00:03]} 25. Rae1 {[%emt 0:00:01]} Qd7 {[%emt 0:00:01]} 26. Re3 {[%emt 0:00:01]} Bf8 {[%emt 0:00:01]} 27. Rf3 {[%emt 0:00:02]} Rb7 {[%emt 0:00:04]} 28. h4 {[%emt 0:00:01]} Bxb4 {[%emt 0:00:01]} 29. axb4 {[%emt 0:00:01]} Rf8 {[%emt 0:00:02]} 30. h5 {[%emt 0:00:01]} Qe7 {[%emt 0:00:02]} 31. h6 {[%emt 0:00:01]} Qg5 {[%emt 0:00:01]} 32. Rg3 {[%emt 0:00:01]} Qxh6 {[%emt 0:00:01]} 33. Qf4 {[%emt 0:00:02]} Qxf4 {[%emt 0:00:01]} 34. Rxf4 {[%emt 0:00:00]} Ra7 {[%emt 0:00:00]} 35. Rf1 {[%emt 0:00:01]} a3 {[%emt 0:00:01]} 36. Ra1 {[%emt 0:00:00]} a2 {[%emt 0:00:00]} 37. Rf3 {[%emt 0:00:01]} Rfa8 {[%emt 0:00:01]} 38. Rf2 {[%emt 0:00:00]} Ra3 {[%emt 0:00:00]} 39. Rc2 {[%emt 0:00:01]} Rb3 {[%emt 0:00:03]} 40. Raxa2 {[%emt 0:00:02]} Rxa2 {[%emt 0:00:00]} 41. Rxa2 {[%emt 0:00:01]} Rxc3 {[%emt 0:00:00]} 42. Rb2 {[%emt 0:00:01]} Rb3 {[%emt 0:00:01]} 43. Rc2 {[%emt 0:00:01]} Rxb4 {[%emt 0:00:01]} 44. Kf2 {[%emt 0:00:00]} Kg7 {[%emt 0:00:00]} 45. Ke3 {[%emt 0:00:01]} c3 {[%emt 0:00:00]} 46. Kd3 {[%emt 0:00:01]} Rb5 {[%emt 0:00:00]} 47. Rxc3 {[%emt 0:00:01]} Rd5 {[%emt 0:00:00]} 48. Rc4 {[%emt 0:00:01]} h5 {[%emt 0:00:00]} 49. Ke4 {[%emt 0:00:01]} g5 {[%emt 0:00:00]} 50. Rc3 {[%emt 0:00:01]} Kg6 {[%emt 0:00:00]} 51. g3 {[%emt 0:00:00]} h4 {[%emt 0:00:00]} 52. Rf3 {[%emt 0:00:01]} hxg3 {[%emt 0:00:01]} 53. Rxg3 {[%emt 0:00:01]} Ra5 {[%emt 0:00:00]} 54. Rf3 {[%emt 0:00:00]} Ra4 {[%emt 0:00:00]} 55. Rf6+ {[%emt 0:00:00]} Kg7 {[%emt 0:00:01]} 56. Rf3 {[%emt 0:00:01]} Ra5 {[%emt 0:00:00]} 57. Rg3 {[%emt 0:00:01]} Kg6 {[%emt 0:00:00]} 58. Rc3 {[%emt 0:00:02]} Rd5 {[%emt 0:00:00]} 59. Rc8 {[%emt 0:00:01]} Ra5 {[%emt 0:00:00]} 60. Rg8+ {[%emt 0:00:00]} Kh6 {[%emt 0:00:00]} 61. Rd8 {[%emt 0:00:00]} Kg6 {[%emt 0:00:00]} 62. d5 {[%emt 0:00:01]} Ra1 {[%emt 0:00:00]} 63. d6 {[%emt 0:00:01]} Re1+ {[%emt 0:00:01]} 64. Kd4 {[%emt 0:00:01]} Rd1+ {[%emt 0:00:00]} 65. Kc5 {[%emt 0:00:00]} Rc1+ {[%emt 0:00:00]} 66. Kb6 {[%emt 0:00:01]} g4 {[%emt 0:00:00]} 67. Rg8+ {[%emt 0:00:01]} Kf5 {[%emt 0:00:01]} 68. d7 {[%emt 0:00:01]} Rd1 {[%emt 0:00:00]} 69. d8=Q {[%emt 0:00:00]} Rxd8 {[%emt 0:00:01]} 70. Rxd8 {[%emt 0:00:00] Time} 1-0

[Event "Stay Safe Play From Home 169"]
[Site "T#646312Emanuel Laske"]
[Date "2020.05.24"]
[Round "4"]
[White "Tobo Rubirosa"]
[Black "Justwatch"]
[Result "0-1"]
[WhiteElo "1527"]
[BlackElo "1678"]
[Annotator "NA"]
[PlyCount "66"]
[EventDate "2020.05.24"]
[EventType "swiss (blitz)"]

1. Nf3 {[%emt 0:00:03]} Nf6 {[%emt 0:00:00]} 2. d4 {[%emt 0:00:01]} g6 {[%emt 0:00:00]} 3. c4 {[%emt 0:00:01]} Bg7 {[%emt 0:00:00]} 4. Nc3 {[%emt 0:00:01]} O-O {[%emt 0:00:01]} 5. e4 {[%emt 0:00:02]} d6 {[%emt 0:00:00]} 6. Be2 {[%emt 0:00:01]} Bg4 {[%emt 0:00:02]} 7. O-O {[%emt 0:00:00]} Nc6 {[%emt 0:00:01]} 8. d5 {[%emt 0:00:01]} Bxf3 {[%emt 0:00:01]} 9. Bxf3 {[%emt 0:00:02]} Ne5 {[%emt 0:00:01]} 10. Be2 {[%emt 0:00:01]} Ned7 {[%emt 0:00:01]} 11. f4 {[%emt 0:00:01]} a6 {[%emt 0:00:00]} 12. Be3 {[%emt 0:00:01]} b6 {[%emt 0:00:01]} 13. Qd2 {[%emt 0:00:00]} Nc5 {[%emt 0:00:02]} 14. Rae1 {[%emt 0:00:01]} Ncxe4 {[%emt 0:00:01]} 15. Nxe4 {[%emt 0:00:02]} Nxe4 {[%emt 0:00:00]} 16. Qd3 {[%emt 0:00:02]} Nf6 {[%emt 0:00:02]} 17. f5 {[%emt 0:00:02]} a5 {[%emt 0:00:01]} 18. fxg6 {[%emt 0:00:01]} fxg6 {[%emt 0:00:00]} 19. Bg5 {[%emt 0:00:01]} Nd7 {[%emt 0:00:02]} 20. Qe3 {[%emt 0:00:04]} Ne5 {[%emt 0:00:01]} 21. Bh6 {[%emt 0:00:04]} Rxf1+ {[%emt 0:00:01]} 22. Rxf1 {[%emt 0:00:04]} Qe8 {[%emt 0:00:04]} 23. Bxg7 {[%emt 0:00:05]} Kxg7 {[%emt 0:00:00]} 24. Qe4 {[%emt 0:00:03]} Qd7 {[%emt 0:00:01]} 25. Bg4 {[%emt 0:00:03]} Nxg4 {[%emt 0:00:03]} 26. Rf4 {[%emt 0:00:02]} Ne5 {[%emt 0:00:01]} 27. Qd4 {[%emt 0:00:02]} Rf8 {[%emt 0:00:02]} 28. Re4 {[%emt 0:00:01]} Qa4 {[%emt 0:00:03]} 29. Rxe5 {[%emt 0:00:01]} dxe5 {[%emt 0:00:00]} 30. Qxe5+ {[%emt 0:00:01]} Rf6 {[%emt 0:00:02]} 31. Qxe7+ {[%emt 0:00:01]} Rf7 {[%emt 0:00:01]} 32. Qe5+ {[%emt 0:00:01]} Kh6 {[%emt 0:00:01]} 33. Qe3+ {[%emt 0:00:02]} Kg7 {[%emt 0:00:01] Tiempo (Lag: Av=0.62s, max=1.4s)} 0-1

[Event "Stay Safe Play From Home 169"]
[Site "T#646312Emanuel Laske"]
[Date "2020.05.24"]
[Round "5"]
[White "Mepe_Nika"]
[Black "Weltszmerc"]
[Result "1-0"]
[WhiteElo "2297"]
[BlackElo "2012"]
[PlyCount "121"]
[EventDate "2020.05.24"]
[EventType "swiss (blitz)"]

1. e4 {[%emt 0:00:01]} Nf6 {[%emt 0:00:00]} 2. Nc3 {[%emt 0:00:02]} d5 {[%emt 0:00:01]} 3. e5 {[%emt 0:00:01]} Nfd7 {[%emt 0:00:01]} 4. d4 {[%emt 0:00:00]} e6 {[%emt 0:00:00]} 5. f4 {[%emt 0:00:01]} c5 {[%emt 0:00:00]} 6. Nf3 {[%emt 0:00:00]} Nc6 {[%emt 0:00:00]} 7. Ne2 {[%emt 0:00:02]} a6 {[%emt 0:00:00]} 8. c3 {[%emt 0:00:01]} b5 {[%emt 0:00:01]} 9. g4 {[%emt 0:00:01]} g6 {[%emt 0:00:01]} 10. Bg2 {[%emt 0:00:01]} h5 {[%emt 0:00:01]} 11. h3 {[%emt 0:00:01]} hxg4 {[%emt 0:00:00]} 12. hxg4 {[%emt 0:00:00]} Rxh1+ {[%emt 0:00:01]} 13. Bxh1 {[%emt 0:00:00]} cxd4 {[%emt 0:00:01]} 14. cxd4 {[%emt 0:00:02]} Be7 {[%emt 0:00:01]} 15. Kf2 {[%emt 0:00:01]} a5 {[%emt 0:00:03]} 16. Be3 {[%emt 0:00:01]} b4 {[%emt 0:00:01]} 17. Rc1 {[%emt 0:00:01]} Qb6 {[%emt 0:00:02]} 18. f5 {[%emt 0:00:02]} gxf5 {[%emt 0:00:02]} 19. gxf5 {[%emt 0:00:00]} Ba6 {[%emt 0:00:02]} 20. f6 {[%emt 0:00:02]} Bf8 {[%emt 0:00:02]} 21. Nf4 {[%emt 0:00:01]} O-O-O {[%emt 0:00:03]} 22. Bg2 {[%emt 0:00:02]} Kb7 {[%emt 0:00:01]} 23. Bf1 {[%emt 0:00:01]} Bxf1 {[%emt 0:00:01]} 24. Qxf1 {[%emt 0:00:00]} Qa6 {[%emt 0:00:01]} 25. Qxa6+ {[%emt 0:00:02]} Kxa6 {[%emt 0:00:01]} 26. Rxc6+ {[%emt 0:00:01]} Kb7 {[%emt 0:00:00]} 27. Rc2 {[%emt 0:00:01]} Nb6 {[%emt 0:00:00]} 28. b3 {[%emt 0:00:01]} a4 {[%emt 0:00:01]} 29. Nd3 {[%emt 0:00:01]} a3 {[%emt 0:00:02]} 30. Nc5+ {[%emt 0:00:01]} Ka7 {[%emt 0:00:01]} 31. Nd2 {[%emt 0:00:01]} Rc8 {[%emt 0:00:01]} 32. Nf1 {[%emt 0:00:01]} Nd7 {[%emt 0:00:01]} 33. Ke2 {[%emt 0:00:03]} Nxc5 {[%emt 0:00:01]} 34. dxc5 {[%emt 0:00:00]} Kb7 {[%emt 0:00:01]} 35. Bd4 {[%emt 0:00:01]} Kc6 {[%emt 0:00:01]} 36. Ne3 {[%emt 0:00:01]} Kb5 {[%emt 0:00:01]} 37. Rc1 {[%emt 0:00:02]} Bh6 {[%emt 0:00:02]} 38. Rh1 {[%emt 0:00:01]} Bxe3 {[%emt 0:00:01]} 39. Bxe3 {[%emt 0:00:00]} Rg8 {[%emt 0:00:02]} 40. Rh7 {[%emt 0:00:01]} Rg2+ {[%emt 0:00:01]} 41. Kd3 {[%emt 0:00:01]} Rxa2 {[%emt 0:00:00]} 42. Rxf7 {[%emt 0:00:01]} Rb2 {[%emt 0:00:01]} 43. Ra7 {[%emt 0:00:01]} Rxb3+ {[%emt 0:00:02]} 44. Ke2 {[%emt 0:00:01]} Rb2+ {[%emt 0:00:01]} 45. Kf3 {[%emt 0:00:01]} a2 {[%emt 0:00:01]} 46. f7 {[%emt 0:00:01]} Rb1 {[%emt 0:00:02]} 47. f8=Q {[%emt 0:00:01]} Rf1+ {[%emt 0:00:01]} 48. Bf2 {[%emt 0:00:01]} Rxf2+ {[%emt 0:00:01]} 49. Kxf2 {[%emt 0:00:01]} a1=Q {[%emt 0:00:00]} 50. Qb8+ {[%emt 0:00:01]} Kc4 {[%emt 0:00:00]} 51. Rxa1 {[%emt 0:00:00]} b3 {[%emt 0:00:02]} 52. c6 {[%emt 0:00:01]} b2 {[%emt 0:00:01]} 53. Qxb2 {[%emt 0:00:01]} d4 {[%emt 0:00:01]} 54. Rc1+ {[%emt 0:00:01]} Kd5 {[%emt 0:00:00]} 55. c7 {[%emt 0:00:01]} Ke4 {[%emt 0:00:00]} 56. Qe2+ {[%emt 0:00:01]} Kd5 {[%emt 0:00:01]} 57. Qf3+ {[%emt 0:00:00]} Kxe5 {[%emt 0:00:02]} 58. c8=Q {[%emt 0:00:01]} d3 {[%emt 0:00:01]} 59. Qb8+ {[%emt 0:00:01]} Kd4 {[%emt 0:00:01]} 60. Qe3+ {[%emt 0:00:01]} Kd5 {[%emt 0:00:02]} 61. Qxd3# {[%emt 0:00:00] (Lag: Av=0.63s, max=0.9s)} 1-0